| 000 | 01135nam a2200265Ia 4500 | ||
|---|---|---|---|
| 003 | OSt | ||
| 005 | 20221005103249.0 | ||
| 006 | a|||||r|||| 00| 0 | ||
| 007 | ta | ||
| 008 | 221004b |||||||| |||| 00| 0 hin d | ||
| 020 |
_a9788189482572 (hbk) _c695 |
||
| 024 | _a13454 | ||
| 037 |
_bSP/3343, 19/03/2014, Star Publications Pvt. Ltd. _cTextual |
||
| 040 |
_aCRL _cCRL _bhin |
||
| 041 |
_2hin _ahin |
||
| 082 | _aO152,3M80:g(R4), Q1 | ||
| 100 | _aशर्मा, मधु | ||
| 245 | 0 | _aनैतिक मूल्यों के आलोक में प्रेमचन्द का कथा वाङ्मय | |
| 246 | _aNaitik mūlyoan ke ālok mean premachanda kā kathā vānmaya | ||
| 260 |
_aगाजियाबाद _bआकाश पब्लिशर्स एण्ड डिस्ट्रीब्यूटर्स भारत _c2011 |
||
| 300 |
_a368पृ0 _ccm. |
||
| 650 | _aहिन्दी साहित्य | ||
| 942 |
_hO152,3M80:g(R4), Q1 _cTEXL _2cc |
||
| 999 |
_c1009727 _d1009727 |
||